Aspectos da arte em Portugal no século XVIII (Record no. 45104)
[ view plain ]
| 000 -Etiqueta do registo | |
|---|---|
| Valores | 00526cam a22001811 4500 |
| 100 ## - Dados gerais de processamento | |
| Dados gerais | 19770901d1977 m y0pory5003 ba |
| 101 0# - Língua de publicação | |
| Língua | por |
| 102 ## - País de publicação | |
| País | PT |
| 200 1# - Titulo e menção de responsabilidade | |
| Título próprio | Aspectos da arte em Portugal no século XVIII |
| Informação de outro título | catálogo de exposicão |
| Primeira menção de responsabilidade | Fundacão Calouste Gulbenkian |
| 210 #9 - Publicação | |
| Local de publicação | Lisboa |
| Nome do editor | Fundação Calouste Gulbenkian, |
| Data de publicação | 1977 |
| 215 ## - Descrição física | |
| Paginação / Volumes | 67 p. |
| Outras indicações físicas | il. |
| Dimensões | 25 cm |
| 675 ## - CDU | |
| Notação | 7(083.82) |
| 675 ## - CDU | |
| Notação | 7 |
| Edição | med |
| Língua | por |
| 710 02 - Autor entidade principal | |
| Nome da entidade | Funda—cão Calouste Gulbenkian |
| 801 #0 - Fonte de origem | |
| País | PT |
| Agência | BN |
| Regras de catalogação | RPC |
| 990 ## - Elementos KOHA | |
| Tipo de documento | Livro |
| Aquisição | Empréstimo | Código de barras | Cota | Permissão de empréstimo | Tipo de documento |
|---|---|---|---|---|---|
| Biblioteca Municipal de Redondo | Biblioteca Municipal de Redondo | 055674 | 7(083.82) FUN | Livro |